| 000 | 00404nam a22001457a 4500 | ||
|---|---|---|---|
| 020 | _a9781445159980 | ||
| 040 | _cNUST | ||
| 082 | _a394.26 CRE | ||
| 100 |
_aCrewe, Sabrina _988398 |
||
| 110 |
_aRehman, Sajjad _989000 |
||
| 245 | _aComparing Countries Festivals And Celebrations | ||
| 260 |
_aLondon: _bFranklin Watts, _c2018. |
||
| 650 |
_aFestivals -- Juvenile literature. _989001 |
||
| 942 |
_2ddc _cBK |
||
| 999 |
_c587613 _d587613 |
||